Plus grandes villes d'Europe par 2 premières lettres - Statistiques

Statistiques générales
  • Ce quiz a été pris 146 fois
    99 depuis la dernière actualisation
  • Le résultat moyen est 53 sur 168
Statistiques - réponses
Pays Ville Population % Correct
PA France Paris 2.175.000
88%
MA Espagne Madrid 3.335.000
83%
AM Pays-Bas Amsterdam 852.000
82%
LY France Lyon 519.000
82%
BA Espagne Barcelone 1.664.000
80%
LO Royaume-Uni Londres 8.908.000
80%
AT Grèce Athènes 664.000
77%
RO Italie Rome 2.864.000
75%
BE Allemagne Berlin 3.748.000
73%
NA Italie Naples 954.000
73%
VI Autriche Vienne 1.911.000
71%
MU Allemagne Munich 1.484.000
70%
BU Roumanie Bucarest 1.883.000
67%
FL Italie Florence 382.000
67%
OS Norvège Oslo 693.000
67%
VA Espagne Valence 800.000
67%
ZU Suisse Zurich 415.000
67%
MO Russie Moscou 12.480.000
66%
VE Italie Venise 262.000
66%
RE France Rennes 213.000
65%
AN Belgique Anvers 498.000
64%
SO Bulgarie Sofia 1.324.000
64%
TU Italie Turin 850.000
64%
BO Italie Bologne 388.000
63%
HE Finlande Helsinki 655.000
63%
OX Royaume-Uni Oxford 160.000
63%
IS Turquie Istanbul 14.745.000
61%
PR République Tchèque Prague 1.307.000
61%
DI France Dijon 157.000
60%
ED Royaume-Uni Edimbourg 488.000
60%
HA Allemagne Hambourg 1.889.000
60%
KI Ukraine Kiev 2.957.000
60%
RI Lettonie Riga 699.000
60%
BI Royaume-Uni Birmingham 1.141.000
59%
CO Allemagne Cologne 1.085.000
59%
ST Suède Stockholm 962.000
59%
FR Allemagne Francfort-sur-le-Main 751.000
58%
SE Espagne Séville 691.000
58%
TA Estonie Tallinn 447.000
58%
AI France Aix-en-Provence 143.000
57%
GL Royaume-Uni Glasgow 606.000
57%
MI Biélorussie Minsk 2.020.000
57%
NU Allemagne Nuremberg 512.000
57%
SA Russie Saint-Pétersbourg 5.384.000
57%
LI Royaume-Uni Liverpool 492.000
55%
CR Pologne Cracovie 767.000
54%
TI Albanie Tirana 557.000
54%
LJ Slovénie Ljubljana 284.000
53%
SK Macédoine du Nord Skopje 378.000
52%
CH Moldavie Chisinau 493.000
48%
GE Italie Gênes 572.000
47%
LA Pays-Bas La Haye 534.000
47%
OD Ukraine Odessa 1.011.000
46%
UT Pays-Bas Utrecht 349.000
46%
AL Espagne Alicante 337.000
45%
GD Pologne Gdansk 470.000
45%
SP Croatie Split 164.000
45%
TH Grèce Thessalonique 322.000
45%
GO Suède Goteborg 578.000
43%
LV Ukraine Lviv 724.000
43%
DR Allemagne Dresde 557.000
42%
CA Royaume-Uni Cardiff 363.000
41%
DO Ukraine Donetsk 919.000
41%
KH Ukraine Kharkiv 1.751.000
41%
BR Allemagne Brême 569.000
40%
DU Allemagne Düsseldorf 646.000
39%
ES Allemagne Essen 582.000
39%
SH Royaume-Uni Sheffield 564.000
39%
AA Danemark Aarhus 277.000
37%
AB Royaume-Uni Aberdeen 228.000
37%
UD Italie Udine 100.000
37%
CL Roumanie Cluj-Napoca 303.000
36%
EI Pays-Bas Eindhoven 232.000
34%
YO Royaume-Uni York 198.000
34%
EX Royaume-Uni Exeter 152.000
33%
NO Royaume-Uni Nottingham 304.000
33%
WR Pologne Wroclaw 642.000
33%
LE Allemagne Leipzig 588.000
31%
NE Royaume-Uni Newcastle upon Tyne 303.000
31%
OV Espagne Oviedo 220.000
31%
UL Allemagne Ulm 126.000
31%
AU Allemagne Augsbourg 295.000
29%
KA Russie Kazan 1.252.000
29%
UP Suède Uppsala 220.000
29%
DN Ukraine Dnipro 966.000
28%
GI Espagne Gijon 298.000
28%
PL Bulgarie Plovdiv 333.000
28%
TR Italie Trieste 204.000
28%
IE Russie Iekaterinbourg 1.444.000
27%
SW Royaume-Uni Swansea 240.000
27%
NI Russie Nijni Novgorod 1.267.000
25%
IP Royaume-Uni Ipswich 133.000
24%
JE Espagne Jerez de la Frontera 213.000
24%
KR Russie Krasnodar 918.000
23%
LU Pologne Lublin 348.000
23%
ME Italie Messine 240.000
23%
PO Pologne Poznan 547.000
23%
ZW Pays-Bas Zwolle 127.000
20%
EL Espagne Elche 228.000
19%
ER Allemagne Erfurt 214.000
18%
WU Allemagne Wuppertal 354.000
17%
ZA Ukraine Zaporijjia 739.000
17%
GY Hongrie Györ 132.000
16%
OF Allemagne Offenbach-sur-le-Main 129.000
14%
DA Allemagne Darmstadt 159.000
13%
WO Royaume-Uni Wolverhampton 236.000
13%
TV Russie Tver 416.000
12%
VO Russie Voronej 1.058.000
12%
AR Russie Arkhangelsk 347.000
11%
DE Royaume-Uni Derby 249.000
11%
FO Italie Foggia 152.000
11%
PS Russie Pskov 208.000
11%
SU Royaume-Uni Sunderland 174.000
11%
VL Russie Vladimir 348.000
11%
BL Royaume-Uni Blackpool 140.000
10%
GR Biélorussie Grodno 369.000
10%
HU Royaume-Uni Huddersfield 163.000
10%
JA Espagne Jaén 113.000
10%
KL Lituanie Klaipėda 187.000
10%
PI République Tchèque Pilsen 172.000
10%
AS Russie Astrakhan 530.000
8%
BY Pologne Bydgoszcz 349.000
8%
EM Pays-Bas Emmen 107.000
8%
FE Italie Ferrare 135.000
8%
IN Allemagne ingolstadt 138.000
8%
MY Ukraine Mykolaïv 496.000
8%
EN Pays-Bas Enschede 159.000
7%
IA Russie Iaroslav 608.000
7%
LH Espagne L'Hospitalet de Llogrebat 269.000
7%
WI Allemagne Wiesbaden 278.000
7%
AP Pays-Bas Apeldoorn 162.000
6%
CZ Pologne Czestochowa 225.000
6%
GA Roumanie Galati 249.000
6%
SZ Pologne Szczecin 401.000
6%
FU Espagne Fuenlabrada 194.000
5%
IV Russie Ivanovo 409.000
5%
KO Russie Koursk 443.000
5%
KU Finlande Kuopio 119.000
5%
JY Ukraine Jytomyr 267.000
4%
OB Allemagne Oberhausen 211.000
4%
OP Pologne Opole 129.000
4%
SL Royaume-Uni Slough 175.000
4%
TO Russie Togliatti 711.000
4%
WA Royaume-Uni Warrington 210.000
4%
OL Pologne Olsztyn 176.000
2%
PF Allemagne Pforzheim 118.000
2%
RA Pologne Radom 218.000
2%
RY Russie Rybinsk 185.000
2%
RZ Pologne Rzeszów 195.000
2%
DZ Russie Dzerjinsk 238.000
1%
EU Russie Eupatoria 107.000
1%
HI Allemagne Hildescheim 102.000
1%
JO Russie Joukovski 108.000
1%
NY Hongrie Nyíregyháza 118.000
1%
OR Russie Oriol 312.000
1%
SI Russie Simferopol 383.000
1%
SY Russie Syzran 173.000
1%
TE Ukraine Ternopil 218.000
1%
TY Pologne Tychy 124.000
1%
WL Pologne Włocławek 116.000
1%
ZI Pologne Zielona Góra 141.000
1%
ZO Pays-Bas Zoetermeer 125.000
1%
AC Grèce Acharnes 107.000
0%
IO Russie Iochkar-Ola 260.000
0%
KE Russie Kertch 145.000
0%
OU Russie Oulyanovsk 627.000
0%
PE Russie Petrozavodsk 269.000
0%
RU Pologne Ruda Śląska 149.000
0%
Aucun quiz correspondant
Distribution des résultats
% des personnes avec chaque résultat
Percentile par nombre de réponses
Votre historique - résultats
Vous n’avez pas pris ce quiz depuis la dernière actualisation